LEADER 00938nam0-2200301---450- 001 990010018940403321 005 20151127114541.0 035 $a001001894 035 $aFED01001001894 035 $a(Aleph)001001894FED01 035 $a001001894 100 $a20151127d1960----km-y0itay50------ba 101 0 $aita 102 $aIT 105 $aa-------001yy 200 1 $aDalla Liguria al golfo di Napoli con scrittori inglesi e americani del passato$e32 tavole a colori$fcon testi originali di Joseph Addison ... [et al.]$g[a cura di Paul Franklin Kirby] 210 $aMilano$cGrafprint$d1960 215 $a121 p.$cill.$d31 cm 225 1 $aItinerari di ieri nell'Italia d'oggi$v0003 300 $aGeografia 702 1$aAddison,$bJoseph 702 1$aKirby,$bPaul Franklin 801 0$aIT$bUNINA$gRICA$2UNIMARC 901 $aBK 912 $a990010018940403321 952 $aGM1 AJ I 11$b60114$fGM1 959 $aGM1 997 $aUNINA LEADER 01139nam a2200277 i 4500 001 991000389899707536 005 20020503175922.0 008 981218s1990 it ita 020 $a8820437422 035 $ab10070497-39ule_inst 035 $aLE02515154$9ExL 040 $aFac. Economia$bita 082 0 $a338.521 100 1 $aWeiller, Guido$0105081 245 12$aL'analisi del valore e l'analisi function-needs :$briduzione sistematica dei costi e conferimento al prodotto, al massimo livello, delle caratteristiche apprezzate dal cliente :$bguida teorico-pratica d'applicazione /$cGuido Weiller 250 $a2. ed. ampliata 260 $aMilano :$b Angeli,$c1990 300 $a419 p. ;$c23 cm 490 0 $aAzienda moderna ;$v122 650 4$aValore 907 $a.b10070497$b18-02-19$c27-06-02 912 $a991000389899707536 945 $aLE025 ECO 338.5 WEI01.01$g1$i2025000051386$lle025$nCatalogato 2019$o-$pE0.00$q-$rl$s- $t0$u2$v1$w2$x0$y.i10079464$z27-06-02 996 $aAnalisi del valore e l'analisi function-needs$9194899 997 $aUNISALENTO 998 $ale025$b01-01-98$cm$da $e-$fita$git $h2$i1